000 00707nam a2200241 a 4500
001 10263
003 CO-ViMGA
008 141112s2004 ck r 000 u spa d
020 _a9583302902
040 _aCO-ViMGA
_bspa
_cCO-ViMGA
082 0 4 _a574.5 C65m2
245 1 0 _aMedio Ambiente y Agricultura Ecologica
260 _aSantafé de Bogotá :
_bArfo Ltda,
_c1995
300 _a240p. : il.
490 _aCorporación para la Conservación del Medio Ambiente
650 1 4 _aAGRICULTURA ECOLOGICA
_913417
650 1 4 _aCOLOMBIA
_913418
650 1 4 _aCONFERENCIAS
_98011
650 1 4 _aCONGRESOS
_913419
650 1 4 _aMEDIO AMBIENTE
_913420
650 1 4 _aPRODUCTOS AROBIOLOGICOS
_913421
942 _2ddc
_cBK
999 _c21632
_d21632